Macroscopic Quantum Tunneling of the Magnetic Moment. (Record no. 5834)

MARC details
000 -LEADER
fixed length control field 00567nam a22001937a 4500
003 - CONTROL NUMBER IDENTIFIER
control field OSt
005 - DATE AND TIME OF LATEST TRANSACTION
control field 20170425131431.0
008 - FIXED-LENGTH DATA ELEMENTS--GENERAL INFORMATION
fixed length control field 170425b xxu||||| |||| 00| 0 eng d
020 ## - INTERNATIONAL STANDARD BOOK NUMBER
International Standard Book Number 0521474043
040 ## - CATALOGING SOURCE
Transcribing agency DDC.
082 ## - DEWEY DECIMAL CLASSIFICATION NUMBER
Classification number 530.416CHU 1998.
100 ## - MAIN ENTRY--PERSONAL NAME
Personal name Chudnovsky,M.Eugine;Tejada,Javier;
9 (RLIN) 12118
245 ## - TITLE STATEMENT
Title Macroscopic Quantum Tunneling of the Magnetic Moment.
260 ## - PUBLICATION, DISTRIBUTION, ETC. (IMPRINT)
Place of publication, distribution, etc. Cambridge;
Name of publisher, distributor, etc. Cambridge University Press,
Date of publication, distribution, etc. 1998.
300 ## - PHYSICAL DESCRIPTION
Extent xi,173p;ill:25cm.
504 ## - BIBLIOGRAPHY, ETC. NOTE
Bibliography, etc references and index are included.
650 ## - SUBJECT ADDED ENTRY--TOPICAL TERM
Topical term or geographic name as entry element physics.
9 (RLIN) 809
942 ## - ADDED ENTRY ELEMENTS (KOHA)
Source of classification or shelving scheme Dewey Decimal Classification
Koha item type Open Shelf
Holdings
Withdrawn status Lost status Source of classification or shelving scheme Damaged status Not for loan Home library Current library Date acquired Source of acquisition Inventory number Total Checkouts Full call number Barcode Date last seen Koha item type
    Dewey Decimal Classification     MUST Main Library MUST Main Library 25/04/2017   05/24698   530.416CHU 1998. 2017-0816 25/04/2017 Open Shelf
    Dewey Decimal Classification     MUST Main Library MUST Main Library 25/04/2017   04/22941   530.416CHU 1998. 2017-0817 25/04/2017 Open Shelf
    Dewey Decimal Classification     MUST Main Library MUST Main Library 25/04/2017   04/22942   530.416CHU 1998. 2017-0818 25/04/2017 Open Shelf
    Dewey Decimal Classification     MUST Main Library MUST Main Library 25/04/2017   05/24697   530.416CHU 1998. 2017-0819 25/04/2017 Open Shelf